[Event "Mittelrhein Verbandsliga-S 18/19"]
[Site "Nordrheinwestfalen"]
[Date "2019.02.10"]
[Round "7.5"]
[White "Runo, Detlev"]
[Black "Raboese, Richard"]
[Result "1/2-1/2"]
[WhiteElo "1802"]
[BlackElo "1915"]
[PlyCount "35"]
[EventDate "2018.09.02"]
[EventType "team-tourn"]
[EventRounds "11"]
[EventCountry "GER"]
[SourceTitle "EXT 2022"]
[Source "ChessBase"]
[SourceDate "2021.10.06"]
[SourceVersion "1"]
[SourceVersionDate "2021.10.06"]
[SourceQuality "1"]
[WhiteTeam "Rheinbacher SF"]
[BlackTeam "Niederkassel II"]
[WhiteTeamCountry "GER"]
[BlackTeamCountry "GER"]

1. e4 e5 2. Nf3 Nc6 3. Bc4 Nf6 4. Nc3 Nxe4 5. Bxf7+ Kxf7 6. Nxe4 d5 7. Neg5+ Kg8 8. d4 e4 9. Ne5 Nxe5 10. dxe5 Be7 11. h4 h6 12. Nh3 Bxh3 13. Rxh3 Bxh4 14. Qg4 Bg5 15. Qe6+ Kh7 16. Qf5+ Kg8 17. f4 exf3 18. Qe6+ 1/2-1/2

[Event "Mittelrhein Verbandsliga-S 18/19"]
[Site "Nordrheinwestfalen"]
[Date "2019.01.20"]
[Round "6.6"]
[White "Neese, Hans Joachim"]
[Black "Raboese, Richard"]
[Result "1/2-1/2"]
[WhiteElo "2007"]
[BlackElo "1915"]
[PlyCount "96"]
[EventDate "2018.09.02"]
[EventType "team-tourn"]
[EventRounds "11"]
[EventCountry "GER"]
[SourceTitle "EXT 2022"]
[Source "ChessBase"]
[SourceDate "2021.10.06"]
[SourceVersion "1"]
[SourceVersionDate "2021.10.06"]
[SourceQuality "1"]
[WhiteTeam "Hennef"]
[BlackTeam "Niederkassel II"]
[WhiteTeamCountry "GER"]
[BlackTeamCountry "GER"]

1. d4 d5 2. Nf3 Nf6 3. c4 c6 4. Nc3 e6 5. e3 Be7 6. b3 0-0 7. Bd3 Nbd7 8. 0-0 Qc7 9. Bb2 e5 10. cxd5 exd4 11. Nxd4 cxd5 12. Rc1 Qd8 13. Nf5 Nb6 14. Nxe7+ Qxe7 15. Nb5 Rd8 16. Rc7 Rd7 17. Rc2 a6 18. Nd4 Rc7 19. Qf3 Bg4 20. Qg3 Rxc2 21. Nxc2 Bh5 22. Nd4 Bg6 23. Bf5 Ne4 24. Qh3 Rd8 25. Bg4 Nd7 26. f4 h6 27. Rd1 Ndf6 28. Be2 h5 29. f5 Ng5 30. Qg3 Nge4 31. Qf4 Bh7 32. h3 Rc8 33. Bd3 Qd6 34. Qh4 g5 35. Qe1 Qg3 36. Qxg3 Nxg3 37. Kf2 Nfe4+ 38. Bxe4 Nxe4+ 39. Kf3 Kf8 40. g4 h4 41. Rc1 Rxc1 42. Bxc1 Bg8 43. Bb2 Ke8 44. Nc2 f6 45. Ke2 Ke7 46. Nb4 Bf7 47. Nd3 Be8 48. a4 Bc6 1/2-1/2

[Event "Mittelrhein Verbandsliga-S 18/19"]
[Site "Nordrheinwestfalen"]
[Date "2018.11.18"]
[Round "4.5"]
[White "Raboese, Richard"]
[Black "Meinecke, Florian"]
[Result "1-0"]
[WhiteElo "1915"]
[BlackElo "1924"]
[PlyCount "141"]
[EventDate "2018.09.02"]
[EventType "team-tourn"]
[EventRounds "11"]
[EventCountry "GER"]
[SourceTitle "EXT 2022"]
[Source "ChessBase"]
[SourceDate "2021.10.06"]
[SourceVersion "1"]
[SourceVersionDate "2021.10.06"]
[SourceQuality "1"]
[WhiteTeam "Niederkassel II"]
[BlackTeam "St Augustin Turm"]
[WhiteTeamCountry "GER"]
[BlackTeamCountry "GER"]

1. d4 d5 2. c4 e6 3. Nc3 Nf6 4. Bg5 Be7 5. e3 c6 6. Nf3 Nbd7 7. Rc1 0-0 8. Bd3 dxc4 9. Bxc4 Nd5 10. Bxe7 Qxe7 11. 0-0 Re8 12. Ne4 N7f6 13. Qc2 Nxe4 14. Qxe4 Qd6 15. Rfd1 Bd7 16. Bd3 f5 17. Qh4 Qe7 18. Qxe7 Nxe7 19. Ne5 Rad8 20. b4 Ng6 21. Nxg6 hxg6 22. f4 Rc8 23. Rc3 Kf8 24. Kf2 Ke7 25. e4 Kf6 26. e5+ Ke7 27. h4 Rc7 28. Be2 Rh8 29. Rh1 Rcc8 30. Rch3 Rh6 31. h5 gxh5 32. Rxh5 Rch8 33. Rxh6 Rxh6 34. Rxh6 gxh6 35. Kg3 Kf7 36. Kh4 Kg6 37. Bh5+ Kg7 38. g4 fxg4 39. Kxg4 Bc8 40. Be8 Kf8 41. Bg6 Bd7 42. a4 b6 43. a5 Kg8 44. axb6 axb6 45. Be4 Kf7 46. Kh5 Kg7 47. Bg6 Bc8 48. Be8 Bb7 49. Bd7 Kf7 50. f5 exf5 51. Bxf5 Kg7 52. Be4 b5 53. Kh4 Kf7 54. Bf5 Kf8 55. Kh5 Kg7 56. Bd7 Kf7 57. Kxh6 Ke7 58. Bf5 Ba6 59. Kg5 Bb7 60. Kf4 Ba6 61. Ke3 Bb7 62. Kd3 Ba6 63. d5 cxd5 64. Kd4 Bb7 65. Kc5 d4 66. Kxd4 Bc6 67. Kc5 Be8 68. Bg4 Kd8 69. Kd6 Bg6 70. e6 Be8 71. e7# 1-0

[Event "Mittelrhein Verbandsliga-S 18/19"]
[Site "Nordrheinwestfalen"]
[Date "2018.09.02"]
[Round "1.5"]
[White "Raboese, Richard"]
[Black "Thiemonds, Uli"]
[Result "1/2-1/2"]
[WhiteElo "1915"]
[BlackElo "2016"]
[PlyCount "79"]
[EventDate "2018.09.02"]
[EventType "team-tourn"]
[EventRounds "11"]
[EventCountry "GER"]
[SourceTitle "EXT 2022"]
[Source "ChessBase"]
[SourceDate "2021.10.06"]
[SourceVersion "1"]
[SourceVersionDate "2021.10.06"]
[SourceQuality "1"]
[WhiteTeam "Niederkassel II"]
[BlackTeam "Porz SG IV"]
[WhiteTeamCountry "GER"]
[BlackTeamCountry "GER"]

1. d4 e6 2. c4 f5 3. g3 d5 4. Bg2 c6 5. Nf3 Nf6 6. 0-0 Bd6 7. b3 Qe7 8. a4 0-0 9. Ba3 Bxa3 10. Nxa3 Nbd7 11. Nc2 e5 12. dxe5 Nxe5 13. Nxe5 Qxe5 14. cxd5 Nxd5 15. e3 Be6 16. Nd4 Rad8 17. Qc1 Nb4 18. Nxe6 Qxe6 19. Qc5 Nd3 20. Qxa7 Rd7 21. Rab1 Rfd8 22. Qa5 Ne5 23. Rb2 Rd1 24. h3 Rxf1+ 25. Kxf1 Rd1+ 26. Ke2 Rd7 27. Qc3 Rd3 28. Qb4 Rd7 29. Rd2 h6 30. Rxd7 Qxd7 31. Qd4 Qe7 32. f4 Nf7 33. e4 fxe4 34. Qxe4 Qf6 35. Qe8+ Kh7 36. Be4+ g6 37. Kd3 Qd6+ 38. Ke2 Qf6 39. Kd3 Qd6+ 40. Ke2 1/2-1/2

[Event "Mittelrhein Verbandsliga-O 16/17"]
[Site "Nordrheinwestfalen"]
[Date "2016.11.27"]
[Round "4"]
[White "Raboese, Richard"]
[Black "Scholzen, Wolfgang"]
[Result "1/2-1/2"]
[WhiteElo "1922"]
[BlackElo "2020"]
[PlyCount "114"]
[EventDate "2016.09.11"]
[EventType "team-tourn"]
[EventRounds "11"]
[EventCountry "GER"]
[SourceTitle "EXT 2022"]
[Source "ChessBase"]
[SourceDate "2021.10.06"]
[SourceVersion "1"]
[SourceVersionDate "2021.10.06"]
[SourceQuality "1"]
[WhiteTeam "Niederkassel II"]
[BlackTeam "Euskirchen Turm"]
[WhiteTeamCountry "GER"]
[BlackTeamCountry "GER"]

1. d4 Nf6 2. c4 g6 3. Nc3 Bg7 4. e4 d6 5. Be2 0-0 6. Bg5 c5 7. d5 h6 8. Be3 e6 9. Qd2 exd5 10. exd5 Kh7 11. Nf3 Re8 12. 0-0 Na6 13. Rfe1 Nc7 14. Qc2 b5 15. Rad1 bxc4 16. Bxc4 Bg4 17. Be2 Rb8 18. a3 Qd7 19. b4 cxb4 20. axb4 Rxb4 21. Bxa7 Ncxd5 22. Nxd5 Nxd5 23. Rxd5 Qxa7 24. Qd1 Rb2 25. Rd2 Rxd2 26. Qxd2 Qc5 27. Rd1 Bc3 28. Qd3 Bf5 29. Qc4 Be6 30. Qd3 d5 31. Rc1 Rc8 32. Rd1 Bf6 33. h4 Rd8 34. h5 Bf5 35. hxg6+ fxg6 36. Qa6 Rd6 37. Qa7+ Rd7 38. Qa6 Qd6 39. Nd4 Qxa6 40. Bxa6 Bxd4 41. Rxd4 Kg7 42. Bc8 Rf7 43. Bxf5 Rxf5 44. f4 g5 45. fxg5 hxg5 46. g4 Re5 47. Kf2 Kf6 48. Kf3 Ke6 49. Ra4 Kd6 50. Rd4 Re1 51. Ra4 Ke5 52. Ra8 Rf1+ 53. Kg3 Rc1 54. Re8+ Kf6 55. Rf8+ Kg6 56. Rg8+ Kf6 57. Rf8+ Kg6 1/2-1/2

[Event "Mittelrhein Verbandsliga-O 16/17"]
[Site "Nordrheinwestfalen"]
[Date "2016.10.23"]
[Round "3"]
[White "Muhr, Juergen"]
[Black "Raboese, Richard"]
[Result "0-1"]
[WhiteElo "1808"]
[BlackElo "1922"]
[PlyCount "106"]
[EventDate "2016.09.11"]
[EventType "team-tourn"]
[EventRounds "11"]
[EventCountry "GER"]
[SourceTitle "EXT 2022"]
[Source "ChessBase"]
[SourceDate "2021.10.06"]
[SourceVersion "1"]
[SourceVersionDate "2021.10.06"]
[SourceQuality "1"]
[WhiteTeam "St Augustin Turm"]
[BlackTeam "Niederkassel II"]
[WhiteTeamCountry "GER"]
[BlackTeamCountry "GER"]

1. e4 e5 2. f4 d5 3. exd5 e4 4. Nc3 Nf6 5. d3 Bf5 6. dxe4 Nxe4 7. Nxe4 Bxe4 8. Nf3 Bc5 9. c3 0-0 10. Bd3 Re8 11. Bxe4 Rxe4+ 12. Kf1 Nd7 13. Qd3 Nf6 14. Bd2 Qxd5 15. Qxd5 Nxd5 16. Re1 Rae8 17. g3 f6 18. Kg2 Re2+ 19. Kh3 Kf7 20. b4 Bf2 21. Rxe2 Rxe2 22. Rd1 b5 23. a4 a6 24. axb5 axb5 25. Rc1 Bb6 26. Rd1 Rf2 27. Nh4 Re2 28. Nf3 c6 29. Nh4 g6 30. Ng2 Bf2 31. Kg4 Re7 32. Kf3 Bb6 33. Re1 Ra7 34. Ne3 Bxe3 35. Bxe3 Ra3 36. Rc1 Rxc3 37. Rxc3 Nxc3 38. Bd2 Nd5 39. Ke4 Ke6 40. g4 f5+ 41. gxf5+ gxf5+ 42. Kd4 Kd6 43. Be1 Nc7 44. Bd2 Ne6+ 45. Kd3 c5 46. bxc5+ Nxc5+ 47. Kc2 Kd5 48. Be3 Kc4 49. h4 h5 50. Bg1 Nd3 51. Bh2 b4 52. Kb1 b3 53. Bg3 Kd4 0-1

[Event "Mittelrhein Verbandsliga-O 15/16"]
[Site "Nordrheinwestfalen"]
[Date "2016.03.13"]
[Round "9"]
[White "Raboese, Richard"]
[Black "Hack, Thomas1111"]
[Result "1/2-1/2"]
[WhiteElo "1915"]
[BlackElo "1946"]
[PlyCount "73"]
[EventDate "2015.09.06"]
[EventType "team-tourn"]
[EventRounds "11"]
[EventCountry "GER"]
[SourceTitle "EXT 2022"]
[Source "ChessBase"]
[SourceDate "2021.10.06"]
[SourceVersion "1"]
[SourceVersionDate "2021.10.06"]
[SourceQuality "1"]
[WhiteTeam "Niederkassel II"]
[BlackTeam "Euskirchen Turm"]
[WhiteTeamCountry "GER"]
[BlackTeamCountry "GER"]

1. d4 Nf6 2. c4 e6 3. Nf3 Bb4+ 4. Bd2 Qe7 5. g3 Bxd2+ 6. Nbxd2 0-0 7. Bg2 d6 8. 0-0 e5 9. e4 Nbd7 10. d5 g6 11. Ne1 a5 12. Nd3 Nc5 13. Qc2 Bd7 14. Rae1 Nh5 15. Nxc5 dxc5 16. f4 f6 17. Qc3 b6 18. Rf2 g5 19. fxe5 fxe5 20. Nf3 Rae8 21. Ref1 h6 22. Qe3 Kg7 23. b3 Bg4 24. Nd2 Nf6 25. h3 Bh5 26. Nb1 Nh7 27. Nc3 Rxf2 28. Rxf2 Rf8 29. Bf3 Be8 30. Bg4 Rxf2 31. Qxf2 Qf6 32. Bf5 Nf8 33. Nd1 Ng6 34. Ne3 h5 35. Kg2 Ne7 36. Qf3 Bf7 37. g4 1/2-1/2

[Event "Mittelrhein Verbandsliga-O 15/16"]
[Site "Nordrheinwestfalen"]
[Date "2016.01.31"]
[Round "7"]
[White "Weigant, Wladimir"]
[Black "Raboese, Richard"]
[Result "1-0"]
[WhiteElo "2106"]
[BlackElo "1915"]
[PlyCount "99"]
[EventDate "2015.09.06"]
[EventType "team-tourn"]
[EventRounds "11"]
[EventCountry "GER"]
[SourceTitle "EXT 2022"]
[Source "ChessBase"]
[SourceDate "2021.10.06"]
[SourceVersion "1"]
[SourceVersionDate "2021.10.06"]
[SourceQuality "1"]
[WhiteTeam "Bonn Stadtverwaltung"]
[BlackTeam "Niederkassel II"]
[WhiteTeamCountry "GER"]
[BlackTeamCountry "GER"]

1. d4 d5 2. Nf3 Nf6 3. Bg5 e6 4. e3 Be7 5. Nbd2 Nbd7 6. Bd3 c5 7. c3 b6 8. Ne5 Bb7 9. f4 Nxe5 10. fxe5 Nd7 11. Bxe7 Qxe7 12. 0-0 a5 13. Rf3 f5 14. exf6 Nxf6 15. Qa4+ Kd8 16. Raf1 Kc7 17. e4 Rhf8 18. e5 Ne4 19. Qc2 Nxd2 20. Qxd2 Rxf3 21. Rxf3 Rf8 22. Rxf8 Qxf8 23. Bxh7 Kd8 24. Bd3 Bc6 25. Qf2 Qe7 26. h3 Be8 27. Kh2 cxd4 28. Qxd4 Qc5 29. Qh4+ Qe7 30. Qxe7+ Kxe7 31. Kg3 Bc6 32. Kf2 Kf7 33. h4 g6 34. g4 Kg7 35. Ke3 Kh6 36. Kf4 Be8 37. Ba6 Bd7 38. a4 Be8 39. Bc8 Bf7 40. Bd7 g5+ 41. hxg5+ Kg6 42. Bb5 Kg7 43. Bd3 Be8 44. b3 Bd7 45. Bb5 Bc8 46. Kg3 Kf7 47. Kh4 Kg7 48. Kh5 Kh7 49. g6+ Kg7 50. Kg5 1-0

[Event "Mittelrhein Verbandsliga Ost 1415"]
[Site "Mittelrhein"]
[Date "2015.02.01"]
[Round "7.5"]
[White "Raboese, Richard"]
[Black "Sondors, Peteris"]
[Result "1-0"]
[WhiteElo "1901"]
[BlackElo "1936"]
[PlyCount "77"]
[EventDate "2014.09.07"]
[EventType "team-tourn"]
[EventRounds "11"]
[EventCountry "GER"]
[SourceTitle "EXT 2023"]
[Source "ChessBase"]
[SourceDate "2022.10.05"]
[SourceVersion "1"]
[SourceVersionDate "2022.10.05"]
[SourceQuality "1"]
[WhiteTeam "Niederkassel II"]
[BlackTeam "Godesberg IV"]
[WhiteTeamCountry "GER"]
[BlackTeamCountry "GER"]

1. d4 Nf6 2. c4 e6 3. Nf3 d5 4. Nc3 Be7 5. Bg5 h6 6. Bh4 Nbd7 7. Rc1 c6 8. e3 0-0 9. Bd3 dxc4 10. Bxc4 Nd5 11. Bxe7 Qxe7 12. 0-0 N5b6 13. Bb3 Rd8 14. Qe2 e5 15. dxe5 Nxe5 16. Nxe5 Qxe5 17. Rfd1 Be6 18. Bxe6 Qxe6 19. e4 f6 20. Rd3 Rxd3 21. Qxd3 Kf8 22. b3 Re8 23. f4 Qe7 24. Rd1 Qc5+ 25. Qd4 Qxd4+ 26. Rxd4 Ke7 27. Kf2 Nd7 28. Ke3 b5 29. h4 h5 30. Kf3 Nc5 31. b4 Nb7 32. e5 f5 33. Ke3 a5 34. a4 bxa4 35. bxa5 c5 36. Rxa4 Ra8 37. a6 Nd8 38. Nd5+ Ke8 39. Nc7+ 1-0

[Event "Mittelrhein Verbandsliga Ost 1415"]
[Site "Mittelrhein"]
[Date "2014.11.09"]
[Round "4.6"]
[White "Raboese, Richard"]
[Black "Meissner, Wolf Dieter"]
[Result "0-1"]
[WhiteElo "1901"]
[BlackElo "1972"]
[PlyCount "74"]
[EventDate "2014.09.07"]
[EventType "team-tourn"]
[EventRounds "11"]
[EventCountry "GER"]
[SourceTitle "EXT 2023"]
[Source "ChessBase"]
[SourceDate "2022.10.05"]
[SourceVersion "1"]
[SourceVersionDate "2022.10.05"]
[SourceQuality "1"]
[WhiteTeam "Niederkassel II"]
[BlackTeam "Lohmar"]
[WhiteTeamCountry "GER"]
[BlackTeamCountry "GER"]

1. d4 g6 2. c4 Bg7 3. Nc3 d6 4. e4 Nf6 5. Be2 0-0 6. Bg5 c5 7. d5 e6 8. Qd2 Qa5 9. Nf3 exd5 10. exd5 Bg4 11. 0-0 Nbd7 12. Rfe1 a6 13. Bf4 Qc7 14. a4 Rfe8 15. h3 Bxf3 16. Bxf3 Ne5 17. Be2 Re7 18. Bg5 Rae8 19. f4 Ned7 20. Bd3 h6 21. Bh4 Qa5 22. Rxe7 Rxe7 23. Re1 Rxe1+ 24. Bxe1 Qb4 25. Qe2 Qb3 26. g4 g5 27. Bc2 Qb6 28. b3 gxf4 29. Bd2 Nh7 30. Qd3 Ng5 31. Bxf4 Qd8 32. h4 Qf6 33. Bxg5 hxg5 34. Ne4 Qf4 35. Nf2 Bd4 36. Qe2 Ne5 37. Bd1 Nd3 0-1

[Event "Mittelrhein Verbandsliga Ost 1415"]
[Site "Mittelrhein"]
[Date "2014.10.19"]
[Round "3.6"]
[White "Solzbacher, Thomas"]
[Black "Raboese, Richard"]
[Result "0-1"]
[WhiteElo "1861"]
[BlackElo "1901"]
[PlyCount "122"]
[EventDate "2014.09.07"]
[EventType "team-tourn"]
[EventRounds "11"]
[EventCountry "GER"]
[SourceTitle "EXT 2023"]
[Source "ChessBase"]
[SourceDate "2022.10.05"]
[SourceVersion "1"]
[SourceVersionDate "2022.10.05"]
[SourceQuality "1"]
[WhiteTeam "Siebengebirge"]
[BlackTeam "Niederkassel II"]
[WhiteTeamCountry "GER"]
[BlackTeamCountry "GER"]

1. e4 e5 2. Nf3 Nc6 3. Bc4 Nf6 4. d3 Be7 5. c3 d6 6. Bb3 0-0 7. Nbd2 Na5 8. Bc2 c5 9. Nf1 a6 10. Ne3 g6 11. h3 b5 12. 0-0 Bd7 13. Nh2 Nc6 14. Nhg4 Nxg4 15. hxg4 Bg5 16. g3 Bxe3 17. Bxe3 g5 18. Kg2 Kg7 19. Rh1 h6 20. Qe2 Qe7 21. Rh5 Rh8 22. Rah1 f6 23. f3 Be8 24. R5h2 Bf7 25. a3 a5 26. d4 c4 27. d5 Nd8 28. f4 Be8 29. fxg5 fxg5 30. b3 cxb3 31. Bxb3 Nf7 32. Rf1 Bd7 33. Kg1 Rhf8 34. Rhf2 Nh8 35. Rf5 Bxf5 36. gxf5 Rab8 37. a4 Qb7 38. c4 bxc4 39. Bxc4 Qb4 40. f6+ Rxf6 41. Rxf6 Kxf6 42. Qf3+ Kg7 43. Bb5 Rf8 44. Qe2 Qxe4 45. Qd2 Rf3 46. Bf2 Rxf2 47. Kxf2 Qd4+ 48. Qxd4 exd4 49. Kf3 Nf7 50. Ke4 Kf6 51. Kxd4 h5 52. Ke4 Ne5 53. Be2 h4 54. gxh4 gxh4 55. Kf4 Nd7 56. Bb5 Nb6 57. Bc6 h3 58. Kg3 Ke5 59. Kxh3 Nxd5 60. Kg3 Nb4 61. Kf3 Nc2 0-1

[Event "Mittelrhein Verbandsliga Ost 1415"]
[Site "Mittelrhein"]
[Date "2014.09.07"]
[Round "1.7"]
[White "Moos, Gerd"]
[Black "Raboese, Richard"]
[Result "1-0"]
[WhiteElo "1904"]
[BlackElo "1901"]
[PlyCount "81"]
[EventDate "2014.09.07"]
[EventType "team-tourn"]
[EventRounds "11"]
[EventCountry "GER"]
[SourceTitle "EXT 2023"]
[Source "ChessBase"]
[SourceDate "2022.10.05"]
[SourceVersion "1"]
[SourceVersionDate "2022.10.05"]
[SourceQuality "1"]
[WhiteTeam "Bonn Stadtverwaltung"]
[BlackTeam "Niederkassel II"]
[WhiteTeamCountry "GER"]
[BlackTeamCountry "GER"]

1. d4 d5 2. c4 c6 3. cxd5 cxd5 4. Nf3 Nf6 5. Nc3 Nc6 6. Bf4 Bf5 7. e3 e6 8. Qb3 Bb4 9. Bb5 0-0 10. 0-0 Bxc3 11. bxc3 Na5 12. Qb4 a6 13. Be2 b5 14. Ne5 Rc8 15. a4 Nc6 16. Nxc6 Rxc6 17. axb5 axb5 18. Bxb5 Rb6 19. Ra7 Bd3 20. Bxd3 Rxb4 21. cxb4 Qb6 22. Ra6 Qxb4 23. Bd6 Qd2 24. Bxf8 Qxd3 25. Ra8 h5 26. Be7+ Kh7 27. Bxf6 gxf6 28. Ra7 Kg6 29. h3 f5 30. Rfa1 f4 31. R1a3 Qd1+ 32. Kh2 Qe1 33. exf4 Qxf2 34. f5+ exf5 35. R7a6+ Kg5 36. Rg3+ Kh4 37. Rf3 Qe2 38. Rf6 Kg5 39. R3xf5+ Kh4 40. Rf2 Qe3 41. R2f4+ 1-0

[Event "Verbandsliga Mittelrhein-Ost 1213"]
[Site "Germany"]
[Date "2013.05.05"]
[Round "10.4"]
[White "Scholzen, Wolfgang"]
[Black "Raboese, Richard"]
[Result "1/2-1/2"]
[WhiteElo "2038"]
[BlackElo "1912"]
[PlyCount "64"]
[EventDate "2012.09.09"]
[EventType "team"]
[EventRounds "11"]
[EventCountry "GER"]
[SourceTitle "EXT 2015"]
[Source "ChessBase"]
[SourceDate "2014.11.20"]
[SourceVersion "1"]
[SourceVersionDate "2014.11.20"]
[SourceQuality "1"]
[WhiteTeam "Euskirchen Turm"]
[BlackTeam "Niederkassel II"]
[WhiteTeamCountry "GER"]
[BlackTeamCountry "GER"]

1. d4 d5 2. Nf3 Nf6 3. e3 e6 4. Bd3 Be7 5. 0-0 0-0 6. b3 b6 7. Bb2 Bb7 8. Nbd2 Nbd7 9. Rc1 c5 10. c4 cxd4 11. exd4 Rc8 12. Qe2 Bd6 13. Ne5 Re8 14. f4 Nf8 15. Qe3 N6d7 16. Qg3 f6 17. Nxd7 Qxd7 18. Qh3 Re7 19. Rce1 Rce8 20. Qh5 Qc7 21. Qg4 f5 22. Qg5 h6 23. Qg3 g5 24. Re5 Bxe5 25. fxe5 Ng6 26. cxd5 Bxd5 27. Nc4 Rg7 28. Nd6 Rd8 29. Bc4 Nf4 30. Rf2 Rxd6 31. exd6 Qxd6 32. Bf1 Rc7 1/2-1/2

[Event "Verbandsliga Mittelrhein-Ost 1213"]
[Site "Germany"]
[Date "2013.04.14"]
[Round "9.6"]
[White "Raboese, Richard"]
[Black "Cohnen, Michael"]
[Result "1/2-1/2"]
[WhiteElo "1912"]
[BlackElo "1828"]
[PlyCount "195"]
[EventDate "2012.09.09"]
[EventType "team"]
[EventRounds "11"]
[EventCountry "GER"]
[SourceTitle "EXT 2015"]
[Source "ChessBase"]
[SourceDate "2014.11.20"]
[SourceVersion "1"]
[SourceVersionDate "2014.11.20"]
[SourceQuality "1"]
[WhiteTeam "Niederkassel II"]
[BlackTeam "Troisdorf"]
[WhiteTeamCountry "GER"]
[BlackTeamCountry "GER"]

1. d4 d5 2. c4 c6 3. Nf3 Nf6 4. Nc3 dxc4 5. a4 Bf5 6. e3 e6 7. Bxc4 Bb4 8. 0-0 0-0 9. Qe2 Nbd7 10. e4 Bg4 11. Rd1 Qa5 12. Bd2 Qh5 13. e5 Bxc3 14. bxc3 Nd5 15. Bd3 f6 16. c4 Ne7 17. Bc3 fxe5 18. dxe5 Rxf3 19. Bxh7+ Kxh7 20. Qe4+ Ng6 21. Rxd7 Rxc3 22. Rxb7 Qxe5 23. Qxg4 Qf4 24. Qh5+ Qh6 25. Qd1 Rxc4 26. h3 Qg5 27. Rb3 Rd8 28. Qf1 Rcd4 29. Re1 Qd5 30. Rbe3 e5 31. Qe2 Kg8 32. Rg3 Qf7 33. Qh5 R8d6 34. Ree3 Rf4 35. Rg5 Rh4 36. Qe2 Qd5 37. Qa6 Qf7 38. Reg3 Rh6 39. Qc8+ Kh7 40. Qa6 Rd1+ 41. Kh2 Qxf2 42. Rf3 Qg1+ 43. Kg3 Rd2 44. Qf1 Qxf1 45. Rxf1 Nh4 46. Rg1 Rd3+ 47. Kf2 Rf6+ 48. Ke2 Rd5 49. Rc1 Nf5 50. Rc4 Nd4+ 51. Ke3 Nf5+ 52. Ke2 Kh6 53. Rgg4 Rfd6 54. Rb4 Rd2+ 55. Kf3 R6d4 56. Rc4 R2d3+ 57. Kf2 Rxg4 58. hxg4 Nd4 59. Rc5 Rd2+ 60. Ke3 Re2+ 61. Kd3 Re1 62. Ra5 Nb3 63. Rxa7 e4+ 64. Kc2 Nc5 65. Kd2 Ra1 66. Rc7 Nxa4 67. Rxc6+ Kg5 68. Ke3 Rg1 69. Kf2 Ra1 70. Ke3 Nb2 71. Kxe4 Ra4+ 72. Kf3 Rf4+ 73. Ke3 Nc4+ 74. Ke2 Rxg4 75. g3 Re4+ 76. Kf2 Ne5 77. Rc5 Kg4 78. Rc3 g5 79. Rb3 Rc4 80. Ke2 Rc2+ 81. Ke3 Rg2 82. Rb4+ Kxg3 83. Ke4 Re2+ 84. Kf5 g4 85. Rb3+ Nf3 86. Rc3 Re5+ 87. Kf6 Ra5 88. Rb3 Kg2 89. Rb2+ Kh3 90. Rb3 Rf5+ 91. Kxf5 g3 92. Rxf3 Kh2 93. Kg4 g2 94. Rh3+ Kg1 95. Rh8 Kf1 96. Rf8+ Ke1 97. Re8+ Kf1 98. Rf8+ 1/2-1/2

[Event "Mittelrhein-chT 1112"]
[Site "Germany"]
[Date "2011.11.27"]
[Round "5.8"]
[White "Raboese, Richard"]
[Black "Brandt, Sebastian"]
[Result "0-1"]
[WhiteElo "1939"]
[BlackElo "2018"]
[PlyCount "62"]
[EventDate "2011.09.11"]
[EventType "team-tourn"]
[EventRounds "13"]
[EventCountry "GER"]
[SourceTitle "EXT 2013"]
[Source "ChessBase"]
[SourceDate "2012.11.22"]
[SourceVersion "1"]
[SourceVersionDate "2012.11.22"]
[SourceQuality "1"]
[WhiteTeam "Niederkassel"]
[BlackTeam "Godesberg III"]
[WhiteTeamCountry "GER"]
[BlackTeamCountry "GER"]

1. d4 Nf6 2. c4 a6 3. Nc3 c5 4. d5 b5 5. cxb5 axb5 6. Nxb5 Bb7 7. Nc3 Qa5 8. Bd2 Qb6 9. e4 e6 10. dxe6 fxe6 11. e5 Ne4 12. Nxe4 Bxe4 13. Bc3 Nc6 14. Nf3 Nb4 15. Bxb4 Qxb4+ 16. Qd2 Bxf3 17. Qxb4 cxb4 18. gxf3 Bc5 19. Bc4 Bd4 20. f4 Rf8 21. Rg1 Rxf4 22. Rxg7 Ra5 23. Bb3 Rxe5+ 24. Kd2 Rxf2+ 25. Kd3 Bxb2 26. Rg8+ Ke7 27. Rd1 Rc5 28. Ke3 Rxh2 29. Rg4 Rc3+ 30. Kf4 Rf2+ 31. Ke4 Re2+ 0-1

[Event "Regionalliga Mittelrhein 1011"]
[Site "Germany"]
[Date "2011.05.01"]
[Round "9.7"]
[White "Hack, Thomas1111"]
[Black "Raboese, Richard"]
[Result "0-1"]
[WhiteElo "1909"]
[BlackElo "1945"]
[PlyCount "136"]
[EventDate "2010.10.24"]
[EventType "team"]
[EventRounds "9"]
[EventCountry "GER"]
[SourceTitle "EXT 2015"]
[Source "ChessBase"]
[SourceDate "2014.11.20"]
[SourceVersion "1"]
[SourceVersionDate "2014.11.20"]
[SourceQuality "1"]
[WhiteTeam "Euskirchen Turm"]
[BlackTeam "Niederkassel"]
[WhiteTeamCountry "GER"]
[BlackTeamCountry "GER"]

1. d4 d5 2. Nf3 Nf6 3. Bg5 Nbd7 4. Nbd2 e6 5. e3 Be7 6. Bd3 c5 7. c3 b6 8. 0-0 0-0 9. Ne5 Nxe5 10. dxe5 Nd7 11. Bxe7 Qxe7 12. f4 f5 13. Qh5 Qf7 14. Qh4 Bb7 15. Rf3 Rfd8 16. Rh3 Nf8 17. Nf3 d4 18. Ng5 Qe7 19. e4 fxe4 20. Bxe4 Bxe4 21. Nxe4 Qxh4 22. Rxh4 dxc3 23. bxc3 Rd3 24. c4 Ng6 25. Rg4 Rd4 26. Re1 Rxc4 27. h4 Rf8 28. g3 Rd8 29. h5 Nf8 30. Nd6 Ra4 31. Re2 Nd7 32. Rh4 Kf8 33. Kf2 Ke7 34. Rh1 Rf8 35. Kg2 a6 36. Rd1 c4 37. Ne4 Rc8 38. Red2 Nf8 39. h6 gxh6 40. Nd6 Rc7 41. Rh1 c3 42. Rc2 Rb4 43. Kf3 Rb2 44. Rhh2 Rxc2 45. Rxc2 b5 46. a3 Nd7 47. Ke3 Nb6 48. Kd4 Nd5 49. f5 h5 50. f6+ Nxf6 51. Rxc3 Rxc3 52. Kxc3 Nd5+ 53. Kd4 b4 54. a4 a5 55. Kc4 Ne3+ 56. Kb3 Nf5 57. Nc4 Nxg3 58. Nxa5 h4 59. Nc6+ Kd7 60. Nd4 h3 61. Nf3 Nf1 62. Kxb4 Kc7 63. Kc5 h2 64. Nxh2 Nxh2 65. a5 Ng4 66. a6 Nxe5 67. a7 Nd7+ 68. Kb5 Kb7 0-1

[Event "Pfalz op 01st"]
[Site "Neustadt an der Weinstrasse"]
[Date "2008.02.16"]
[Round "1"]
[White "Raboese, Richard"]
[Black "Kempinski, Robert"]
[Result "0-1"]
[WhiteElo "2077"]
[BlackElo "2590"]
[PlyCount "38"]
[EventDate "2008.02.16"]
[EventType "swiss"]
[EventRounds "9"]
[EventCountry "GER"]
[SourceTitle "CBM 122 Extra"]
[Source "ChessBase"]
[SourceDate "2008.03.04"]
[SourceVersion "1"]
[SourceVersionDate "2008.03.04"]
[SourceQuality "1"]

1. d4 Nf6 2. c4 g6 3. Nc3 Bg7 4. e4 0-0 5. e5 Ne8 6. Nf3 d6 7. Be2 dxe5 8. dxe5 Qxd1+ 9. Bxd1 Nc6 10. Bf4 Bg4 11. 0-0 Bxf3 12. Bxf3 Nxe5 13. Bxe5 Bxe5 14. Nd5 Bd6 15. Rad1 c6 16. Nc3 f5 17. a3 Nf6 18. b4 Rfd8 19. Rfe1 e5 0-1